000 00606nam a2200217Ia 4500
001 1321
008 200206s1993 ii a g b000 u asm u
082 _a783.6
100 _aChoudhury, Umesh Ch. .
245 0 _aUmesh Choudhurir Geet /
_cUmesh Ch. Choudhury.
_hTextual Documents
250 _a1st ed. /
260 _aGuwahati :
_bPublication Board Assam ,
_c1993.
300 _a116p. :
_bill ;
_c22cm .
500 _a46/Ref/Ass
653 _aAssamese Songs
653 _aAssamese Music
653 _aReference-Rachanawali
700 _aGoswami, Kumud .
856 _u46/Rachanawali
942 _2ddc
_cBK
999 _c1318
_d1318